Państwa graniczące z Rosją - Statystyki

Ogólne statystyki
  • Ten quiz został rozwiązany 114 razy
  • Średni wynik to 13 z 15
Statystyki odpowiedzi
Państwo % Poprawnych
Litwa
96%
Łotwa
96%
Polska
96%
Ukraina
96%
Kazachstan
95%
Białoruś
93%
Chiny
93%
Estonia
93%
FInlandia
92%
Mongolia
89%
Gruzja
87%
Korea Północna
82%
Azerbejdżan
77%
Japonia
53%
Stany Zjednoczone
44%
Nie znaleziono quizów pasujących do podanych kryteriów
Rozkład punktacji
Procent ludzi z każdym wynikiem
Percentyl według liczby udzielonych odpowiedzi
Twoja historia wyników
Nie rozwiązałeś tego quizu